000 00519nam a2200169 i 4500
001 37852
003 ES-MaACL
005 20250828083958.0
007 t|
008 030224s1944 sz ||||1| fre d
110 2 0 _aOficina Internacional de Educación
_96022
245 1 3 _aLe Bureau International d'Education en 1943-1944
_b: rapport du directeur.
260 _aGenève :
_bBureau International d'Education,
_c1944.
300 _a16 p. ;
_c24 cm.
852 _aES-MaACL
_j1857-F-6
_bR.22027
999 _c37852
_d37852